| 000 | 00512nam a2200181Ia 4500 | ||
|---|---|---|---|
| 005 | 20250423095725.0 | ||
| 008 | 250422s9999 xx 000 0 und d | ||
| 020 | _a9781032429267 | ||
| 050 | _aTJ 1191.5 .I56/ | ||
| 100 | _aEdited by Pawan Kumar Rakesh, J. Paulo Davim | ||
| 245 | 0 | _aInnovative development in micromanufacturing processes | |
| 260 | _aBoca Raton | ||
| 260 | _bCRC Press | ||
| 260 | _c2024 | ||
| 300 | _a439 p | ||
| 650 | _aMicrofabrication. Micromachining. Micro-drilling. | ||
| 942 | _cBK | ||
| 999 |
_c31139 _d31139 |
||